Statistics for 2010's Movie by Screenshot #7

Click here to take the quiz!

General Stats

  • This quiz has been taken 54 times
  • The average score is 10 of 20

Answer Stats

Answer% Correct
Green Lantern
92%
Mad Max: Fury Road
83%
21 Jump Street
77%
Rango
74%
Gravity
66%
Maze Runner
66%
Skyfall
66%
Passengers
58%
Sully
55%
Murder on the Orient Express
51%
The Fault in Our Stars
45%
Argo
43%
True Grit
40%
Hugo
34%
Elysium
25%
Guns Akimbo
23%
Under the Skin
21%
Sorry to Bother You
19%
The Tree of Life
15%
Suburbicon
13%

Score Distribution

Percentile by Number Answered

Percent of People with Each Score

Your Score History

You have not taken this quiz